00786nam a2200205Ia 450000500170000000800410001702000180005804100120007608200180008810000210010624501340012725000120026126000340027330000240030765000190033165000200035094200070037099900170037795201860039420260429112142.0260429s9999||||xx |||||||||||||| ||und|| a9780357764565 aEnglish a616.8915bGEH aGehart, Diane R. 0aMastering competencies in family therapy : ba practical approach to theories and clinical case documentation / cDiane R. Gehart a4th ed. aAustralia : bCengage,c2024. axxviii, 740 p.; pbk a Clinical case aTherapy, Family cTB c52620d52620 001040708NFICaCUTNbCUTNc600d2026-04-29eTBH Library Book Suppliers, Chennai - Invoice No. SINV00733 on 09-02-2026l0o616.8915 GEHp57723r2026-04-29 11:21:42w2026-04-29yTB